[Event "DEM U16 2000"]
[Site "Überlingen GER"]
[Date "2000.06.06"]
[Round "5"]
[White "Nguyen, Hoang"]
[Black "Schaffer, Hendrik"]
[Result "1/2-1/2"]
[Termination "normal"]
[Board "6"]
[WhiteElo "1955"]
[BlackElo "2113"]
[PlyCount "111"]
[BlackFideId "4663080"]
[EventCountry "GER"]
[EventRounds "9"]
[EventType "swiss"]
[EventDate "2000.06.03"]

1. d4 Nf6 2. Nf3 g6 3. g3 Bg7 4. Bg2 O-O 5. O-O d6 6. c3 c6 7. Re1 Nbd7 8. Bg5
h6 9. Bxf6 Bxf6 10. Nbd2 Qc7 11. e4 e5 12. dxe5 Nxe5 13. Nxe5 dxe5 14. Qc2 Be6
15. Rad1 Rfd8 16. b3 Rd7 17. Nf1 Rad8 18. Bf3 Qa5 19. Rxd7 Rxd7 20. Rd1 Rxd1
21. Bxd1 Be7 22. Ne3 h5 23. h4 Qb6 24. Qd2 a5 25. Ng2 Kh7 26. Ne1 Qd8 27. Qxd8
Bxd8 28. Nd3 Bc7 29. Kg2 Kg7 30. Nc5 Bc8 31. Nd3 f5 32. f3 fxe4 33. fxe4 Kf6
34. Nf2 Bb6 35. Nd3 Be6 36. Nf2 a4 37. g4 axb3 38. axb3 Bf7 39. gxh5 gxh5 40.
Nh1 Kg6 41. Ng3 Kh6 42. Nf5+ Kh7 43. Nd6 Bg6 44. Kg3 Be3 45. Nxb7 Bxe4 46. Bxh5
Bd2 47. c4 Bc2 48. Nc5 Be3 49. b4 Bd2 50. b5 cxb5 51. cxb5 Bb4 52. Nd7 Be1+ 53.
Kg4 Bd1+ 54. Kg5 Bd2+ 55. Kf5 Bxh5 56. Nf6+ 1/2-1/2

[Event "DEM U16 2000"]
[Site "Überlingen GER"]
[Date "2000.06.06"]
[Round "5"]
[White "Berrang, Gerritt"]
[Black "Wehner, Roland"]
[Result "1/2-1/2"]
[Termination "normal"]
[Board "7"]
[WhiteElo "1828"]
[BlackElo "1976"]
[PlyCount "43"]
[BlackFideId "4683161"]
[EventCountry "GER"]
[EventRounds "9"]
[EventType "swiss"]
[EventDate "2000.06.03"]

1. e4 e6 2. d4 d5 3. exd5 exd5 4. Bd3 Bd6 5. Nf3 Ne7 6. O-O Bf5 7. b3 c6 8. Bb2
O-O 9. Re1 Bxd3 10. Qxd3 Nd7 11. c4 Nf6 12. Nc3 Ng6 13. Rad1 Qd7 14. Qc2 Rfe8
15. cxd5 cxd5 16. h3 h6 17. Ne5 Bxe5 18. dxe5 Nxe5 19. Nxd5 Nf3+ 20. gxf3 Rxe1+
21. Rxe1 Nxd5 22. Qe4 1/2-1/2

[Event "DEM U16 2000"]
[Site "Überlingen GER"]
[Date "2000.06.06"]
[Round "5"]
[White "Ladinzon, Igor"]
[Black "Schlawin, Marlon"]
[Result "0-1"]
[Termination "normal"]
[Board "8"]
[WhiteElo "2170"]
[BlackElo "1870"]
[PlyCount "54"]
[WhiteFideId "4663020"]
[BlackFideId "4675584"]
[EventCountry "GER"]
[EventRounds "9"]
[EventType "swiss"]
[EventDate "2000.06.03"]

1. e4 Nf6 2. e5 Nd5 3. d4 d6 4. f4 dxe5 5. fxe5 Bf5 6. Nf3 e6 7. Bg5 Qd7 8. Be2
h6 9. Bd2 c5 10. c3 Nc6 11. O-O Be7 12. Na3 O-O 13. Nc2 Rfd8 14. Ne3 Nxe3 15.
Bxe3 cxd4 16. cxd4 Bg4 17. Rc1 Nb4 18. Qb3 a6 19. Rc4 Nd5 20. Rfc1 Bxf3 21.
Bxf3 Nxe3 22. Qxe3 Bg5 23. Qe4 Bxc1 24. Rxc1 Qxd4+ 25. Qxd4 Rxd4 26. Bxb7 Rb8
27. Bxa6 Rxb2 0-1

[Event "DEM U16 2000"]
[Site "Überlingen GER"]
[Date "2000.06.06"]
[Round "5"]
[White "Scalisi, Carmelo"]
[Black "Schlichthaar, Robert"]
[Result "1/2-1/2"]
[Termination "normal"]
[Board "9"]
[WhiteElo "1842"]
[BlackElo "1925"]
[PlyCount "91"]
[BlackFideId "4672763"]
[EventCountry "GER"]
[EventRounds "9"]
[EventType "swiss"]
[EventDate "2000.06.03"]

1. e4 e5 2. Nf3 Nc6 3. Bc4 Bc5 4. c3 Nf6 5. d3 d6 6. Bg5 Be6 7. Nbd2 h6 8. Bh4
Qe7 9. b4 Bb6 10. a4 a5 11. b5 Nb8 12. Qe2 Nbd7 13. Bxe6 fxe6 14. d4 exd4 15.
Nxd4 O-O 16. O-O Rae8 17. Kh1 Qf7 18. Nc4 e5 19. Nxb6 Nxb6 20. Bxf6 Qxf6 21.
Nf5 Kh7 22. Ne3 Rf7 23. c4 Nc8 24. Qd2 b6 25. Nd5 Qd8 26. f4 exf4 27. Rxf4 Qg5
28. Raf1 Rxf4 29. Rxf4 Qe5 30. Qc1 Ne7 31. Nxc7 Ng6 32. Rf1 Rc8 33. Nd5 Qd4 34.
Qa1 Qxe4 35. Rf7 Qe5 36. Qxe5 Nxe5 37. Nxb6 Rb8 38. Nd7 Nxd7 39. Rxd7 Rc8 40.
Rxd6 Rxc4 41. Rd1 Rxa4 42. Rb1 Rc4 43. Kg1 a4 44. b6 Rc8 45. Rb4 a3 46. Ra4
1/2-1/2

[Event "DEM U16 2000"]
[Site "Überlingen GER"]
[Date "2000.06.06"]
[Round "5"]
[White "Kapp, Martin"]
[Black "Buchwald, Stefan"]
[Result "1-0"]
[Termination "normal"]
[Board "10"]
[WhiteElo "1817"]
[BlackElo "1610"]
[PlyCount "101"]
[EventCountry "GER"]
[EventRounds "9"]
[EventType "swiss"]
[EventDate "2000.06.03"]

1. d4 d5 2. c4 e6 3. Nc3 Nf6 4. Bg5 Be7 5. e3 O-O 6. Nf3 c6 7. Bd3 Nbd7 8. O-O
dxc4 9. Bxc4 Nd5 10. Bxe7 Qxe7 11. Rc1 N5f6 12. Re1 e5 13. e4 exd4 14. Qxd4 Qc5
15. e5 Nh5 16. b4 Qxd4 17. Nxd4 Nb6 18. Bb3 Nf4 19. Red1 Re8 20. g3 Ne6 21. Nf5
h6 22. Nd6 Re7 23. a4 Rb8 24. f4 Bd7 25. a5 Nc8 26. Nf5 Nf8 27. Nxe7+ Nxe7 28.
Ne4 Nf5 29. Nc5 Be6 30. Nxe6 fxe6 31. Rc3 Ne7 32. Rd6 Nf5 33. Rd2 Ne7 34. Kg2
Nd5 35. Bxd5 cxd5 36. Rc7 a6 37. b5 Ng6 38. bxa6 bxa6 39. Rc6 Ra8 40. Rxe6 Nf8
41. Rd6 Kf7 42. R2xd5 Ra7 43. f5 Ke7 44. g4 Ra8 45. Rb6 Ra7 46. Kf3 Nd7 47.
Re6+ Kf7 48. Red6 Ke7 49. Rxd7+ Rxd7 50. Rxd7+ Kxd7 51. Ke4 1-0

[Event "DEM U16 2000"]
[Site "Überlingen GER"]
[Date "2000.06.06"]
[Round "5"]
[White "Zolotarew, Pawel"]
[Black "Friedt, Eduard"]
[Result "1-0"]
[Termination "normal"]
[Board "11"]
[WhiteElo "1832"]
[BlackElo "1633"]
[PlyCount "73"]
[EventCountry "GER"]
[EventRounds "9"]
[EventType "swiss"]
[EventDate "2000.06.03"]

1. Nf3 d5 2. g3 Bf5 3. Bg2 e6 4. O-O Nf6 5. d3 Bd6 6. Nbd2 O-O 7. Qe1 e5 8. e4
dxe4 9. dxe4 Be6 10. Ng5 Bd7 11. a4 h6 12. Ngf3 Be6 13. c3 a5 14. b3 Na6 15.
Qe2 Nc5 16. Rb1 c6 17. Nh4 Qd7 18. Rd1 g5 19. Nhf3 Ncxe4 20. Nxe4 Nxe4 21. Qe1
Nf6 22. Nxe5 Qc7 23. Nf3 Rfe8 24. Be3 Bf5 25. Rbc1 Nd5 26. Nd4 Nxe3 27. fxe3
Bg6 28. Qe2 Bf8 29. Re1 Rad8 30. Qf2 Bg7 31. Nf5 Bxf5 32. Qxf5 Qb6 33. Be4 Rd2
34. c4 Rd6 35. c5 Qb4 36. cxd6 Rxe4 37. d7 1-0

[Event "DEM U16 2000"]
[Site "Überlingen GER"]
[Date "2000.06.06"]
[Round "5"]
[White "Hintz, Bastian"]
[Black "Kozul, Boris"]
[Result "1/2-1/2"]
[Termination "normal"]
[Board "12"]
[WhiteElo "1737"]
[BlackElo "1812"]
[PlyCount "88"]
[EventCountry "GER"]
[EventRounds "9"]
[EventType "swiss"]
[EventDate "2000.06.03"]

1. e4 c5 2. Nf3 e6 3. d4 cxd4 4. Nxd4 Nc6 5. Nxc6 bxc6 6. c4 Nf6 7. Bd3 d5 8.
cxd5 cxd5 9. exd5 Qxd5 10. Be2 Bb7 11. Qxd5 Nxd5 12. Bb5+ Kd8 13. O-O Bc5 14.
Rd1 Ke7 15. Bd2 Rab8 16. Nc3 a6 17. Bc4 Nf6 18. Bf4 Rbc8 19. Bb3 Rhd8 20. h3
Bd4 21. Rac1 Ne4 22. Nxe4 Rxc1 23. Rxc1 Bxe4 24. Rc7+ Rd7 25. Rxd7+ Kxd7 26.
Ba4+ Bc6 27. Bxc6+ Kxc6 28. Bc1 Kd5 29. Kf1 f5 30. Ke2 e5 31. f3 a5 32. b3 g6
33. Bd2 Bb6 34. Bc3 e4 35. fxe4+ Kxe4 36. b4 a4 37. Bf6 f4 38. Kd2 Kf5 39. Bb2
g5 40. Kd3 g4 41. hxg4+ Kxg4 42. Bd4 Bc7 43. Bf2 f3 44. gxf3+ Kxf3 1/2-1/2

[Event "DEM U16 2000"]
[Site "Überlingen GER"]
[Date "2000.06.07"]
[Round "6"]
[White "Rau, Hannes"]
[Black "Helm, Leonie"]
[Result "1/2-1/2"]
[Termination "normal"]
[Board "1"]
[WhiteElo "2227"]
[BlackElo "2157"]
[PlyCount "71"]
[WhiteFideId "4657594"]
[BlackFideId "4656741"]
[EventCountry "GER"]
[EventRounds "9"]
[EventType "swiss"]
[EventDate "2000.06.03"]

1. d4 Nf6 2. c4 g6 3. Nc3 Bg7 4. e4 d6 5. Nf3 O-O 6. Be2 e5 7. Be3 Na6 8. O-O
Ng4 9. Bg5 Qe8 10. d5 f5 11. Ne1 Nf6 12. f3 f4 13. Nd3 h6 14. Bxf6 Bxf6 15. b4
Bh4 16. a3 g5 17. Nf2 Qh5 18. Nh1 Kh8 19. g3 Rg8 20. gxh4 g4 21. fxg4 Bxg4 22.
Bxg4 Rxg4+ 23. Kf2 Rag8 24. Qf3 Qxh4+ 25. Ke2 Qxh2+ 26. Rf2 Qh4 27. Raf1 Rg3
28. Nxg3 Rxg3 29. Rh1 Rxf3 30. Rxh4 Rxc3 31. Rxh6+ Kg7 32. Rfh2 Rxa3 33. Rh7+
Kg6 34. R2h6+ Kg5 35. Rh5+ Kg6 36. R5h6+ 1/2-1/2

[Event "DEM U16 2000"]
[Site "Überlingen GER"]
[Date "2000.06.07"]
[Round "6"]
[White "Köpke, Christian"]
[Black "Feige, Manuel"]
[Result "0-1"]
[Termination "normal"]
[Board "2"]
[WhiteElo "2164"]
[BlackElo "2246"]
[PlyCount "102"]
[WhiteFideId "4655737"]
[BlackFideId "4656350"]
[EventCountry "GER"]
[EventRounds "9"]
[EventType "swiss"]
[EventDate "2000.06.03"]

1. e4 c5 2. Nf3 d6 3. d4 cxd4 4. Nxd4 Nf6 5. Nc3 a6 6. f3 Qb6 7. Nb3 e6 8. Qe2
Nc6 9. Be3 Qc7 10. g4 Be7 11. O-O-O b5 12. g5 Nd7 13. Qf2 Nce5 14. Kb1 Bb7 15.
h4 b4 16. Ne2 Nc4 17. Bc1 a5 18. Nf4 Rc8 19. Nh5 g6 20. Nf4 a4 21. Bxc4 Qxc4
22. Na5 Qb5 23. Nxb7 Qxb7 24. h5 Rf8 25. hxg6 hxg6 26. Ne2 b3 27. cxb3 axb3 28.
a3 Ne5 29. Nc3 Nc4 30. Rd3 Qa6 31. Rhd1 Bd8 32. f4 Ba5 33. Ne2 Qc6 34. Nd4 Qxe4
35. Nxb3 Bb6 36. Qf1 Rh8 37. Re1 Qf5 38. Ka1 Rh2 39. Rc3 d5 40. Re5 Qg4 41. Re1
Kf8 42. Nd2 Bd4 43. Nxc4 Bxc3 44. Ne3 Bxe1 45. Nxg4 Rxc1+ 46. Ka2 Rhc2 47. Qa6
Bc3 48. Qa8+ Kg7 49. Kb3 Rxb2+ 50. Ka4 Bd2 51. Ne5 Rb4+ 0-1

[Event "DEM U16 2000"]
[Site "Überlingen GER"]
[Date "2000.06.07"]
[Round "6"]
[White "Zentgraf, Robert"]
[Black "Klinger, Sebastian"]
[Result "1-0"]
[Termination "normal"]
[Board "3"]
[WhiteElo "1744"]
[BlackElo "2172"]
[PlyCount "91"]
[WhiteFideId "4676483"]
[BlackFideId "4667549"]
[EventCountry "GER"]
[EventRounds "9"]
[EventType "swiss"]
[EventDate "2000.06.03"]

1. e4 e6 2. Nf3 d5 3. e5 c5 4. b4 cxb4 5. d4 Bd7 6. a3 Qa5 7. Bb2 bxa3+ 8. c3
Bb5 9. Nxa3 Bxf1 10. Kxf1 Qb6 11. Qe2 Nc6 12. g3 Rc8 13. Kg2 a6 14. Rhb1 Na5
15. Nd2 Nc4 16. Naxc4 dxc4 17. Ba3 Qc6+ 18. Qe4 b5 19. Qxc6+ Rxc6 20. Ne4 Ne7
21. Nd6+ Kd7 22. Nxf7 Rg8 23. Nd6 Nd5 24. Ne4 Bxa3 25. Rxa3 Rb8 26. Rba1 b4 27.
cxb4 Nxb4 28. Nc5+ Kc7 29. Nxa6+ Nxa6 30. Rxa6 c3 31. Ra7+ Rb7 32. Rxb7+ Kxb7
33. Kf3 Kb6 34. Ke3 Kb5 35. Kd3 c2 36. Rc1 Kb4 37. Rxc2 Rxc2 38. Kxc2 Kc4 39.
f4 Kxd4 40. Kb3 Ke4 41. Kc4 g5 42. fxg5 Kxe5 43. Kd3 Kf5 44. h4 e5 45. Ke3 e4
46. Kd4 1-0

[Event "DEM U16 2000"]
[Site "Überlingen GER"]
[Date "2000.06.07"]
[Round "6"]
[White "Wehner, Roland"]
[Black "Gasthofer, Alexander"]
[Result "0-1"]
[Termination "normal"]
[Board "4"]
[WhiteElo "1976"]
[BlackElo "2212"]
[PlyCount "108"]
[WhiteFideId "4683161"]
[BlackFideId "4655150"]
[EventCountry "GER"]
[EventRounds "9"]
[EventType "swiss"]
[EventDate "2000.06.03"]

1. e4 e5 2. Nf3 d6 3. d4 Nf6 4. Nc3 Nbd7 5. Bc4 Be7 6. O-O O-O 7. Re1 c6 8. a4
Qc7 9. Qe2 exd4 10. Nxd4 Re8 11. Bf4 Bf8 12. Qf3 Ne5 13. Bxe5 dxe5 14. Nf5 Bxf5
15. Qxf5 Bc5 16. Ne2 a6 17. Ng3 b5 18. Bf1 Rad8 19. axb5 axb5 20. Red1 Rd6 21.
Nh5 Nxh5 22. Qxh5 g6 23. Qf3 Red8 24. Rxd6 Qxd6 25. Be2 Qe6 26. Bd3 Bd4 27. c3
Bc5 28. h4 h5 29. g3 Kg7 30. b4 Be7 31. Ra7 Rd7 32. Rxd7 Qxd7 33. Kg2 Qa7 34.
Qe2 Qa1 35. Qc2 Qe1 36. c4 Qxb4 37. cxb5 cxb5 38. Qc6 Qd4 39. Qd5 Qxd5 40. exd5
b4 41. Bc4 e4 42. f3 f5 43. fxe4 fxe4 44. Bb3 Kf6 45. Kf2 Bc5+ 46. Ke2 Ke5 47.
Ba4 Bd6 48. Kf2 Kd4 49. Kg2 Ke3 50. Bc2 Be5 51. Ba4 Kd2 52. Be8 e3 53. Bxg6 e2
54. Bxh5 e1=Q 0-1

[Event "DEM U16 2000"]
[Site "Überlingen GER"]
[Date "2000.06.07"]
[Round "6"]
[White "Schlawin, Marlon"]
[Black "Schaffer, Hendrik"]
[Result "1/2-1/2"]
[Termination "normal"]
[Board "5"]
[WhiteElo "1870"]
[BlackElo "2113"]
[PlyCount "45"]
[WhiteFideId "4675584"]
[BlackFideId "4663080"]
[EventCountry "GER"]
[EventRounds "9"]
[EventType "swiss"]
[EventDate "2000.06.03"]

1. e4 c5 2. Nf3 d6 3. c3 Nf6 4. Be2 Nbd7 5. d3 b6 6. O-O Bb7 7. Nbd2 g6 8. Re1
Bg7 9. Bf1 O-O 10. d4 Qc7 11. h3 Rad8 12. e5 dxe5 13. dxe5 Bxf3 14. Qxf3 Nxe5
15. Qg3 Nh5 16. Qh2 Qb8 17. Nb3 Nd7 18. Qxb8 Nxb8 19. Rxe7 Rd7 20. Rxd7 Nxd7
21. Be3 f5 22. Rd1 Ne5 23. f4 1/2-1/2

[Event "DEM U16 2000"]
[Site "Überlingen GER"]
[Date "2000.06.07"]
[Round "6"]
[White "Jenull, Marco"]
[Black "Berrang, Gerritt"]
[Result "1/2-1/2"]
[Termination "normal"]
[Board "6"]
[WhiteElo "2180"]
[BlackElo "1828"]
[PlyCount "43"]
[WhiteFideId "4651529"]
[EventCountry "GER"]
[EventRounds "9"]
[EventType "swiss"]
[EventDate "2000.06.03"]

1. e4 g6 2. d4 Bg7 3. Nc3 d6 4. f4 c6 5. Nf3 Nf6 6. Be2 O-O 7. O-O a6 8. e5
dxe5 9. fxe5 Nd5 10. Kh1 f6 11. exf6 exf6 12. Nxd5 cxd5 13. Bf4 Nc6 14. c3 Be6
15. Qd2 Qd7 16. Rae1 Rae8 17. Bd3 Ne7 18. Bh6 Nf5 19. Bxg7 Nxg7 20. Nh4 g5 21.
Nf3 Bf5 22. Bxf5 1/2-1/2

[Event "DEM U16 2000"]
[Site "Überlingen GER"]
[Date "2000.06.07"]
[Round "6"]
[White "de Wiljes, Jan-Hendrik"]
[Black "Balcerak, Philipp"]
[Result "1/2-1/2"]
[Termination "normal"]
[Board "7"]
[WhiteElo "1993"]
[BlackElo "2073"]
[PlyCount "77"]
[BlackFideId "4655036"]
[EventCountry "GER"]
[EventRounds "9"]
[EventType "swiss"]
[EventDate "2000.06.03"]

1. e4 c5 2. Nf3 d6 3. d4 cxd4 4. Nxd4 Nf6 5. Nc3 a6 6. f3 e6 7. Be3 b5 8. Qd2
Bb7 9. g4 h6 10. O-O-O Nbd7 11. h4 b4 12. Na4 Qa5 13. b3 Nc5 14. a3 Nxa4 15.
bxa4 Qc7 16. axb4 d5 17. e5 Nd7 18. f4 Nb6 19. f5 Kd7 20. Qf2 Bxb4 21. Nb5 axb5
22. Bxb5+ Kc8 23. Bxb6 Ba3+ 24. Kb1 Qxe5 25. Qd4 Qxd4 26. Bxd4 Ba6 27. fxe6
fxe6 28. g5 Bxb5 29. axb5 Rg8 30. Rhf1 hxg5 31. hxg5 Rb8 32. Rf7 Rxb5+ 33. Ka2
Bc5 34. Rxg7 Rxg7 35. Bxg7 Rb4 36. Rd3 Bd6 37. Bd4 Kd7 38. g6 Rb8 39. Bb2
1/2-1/2

[Event "DEM U16 2000"]
[Site "Überlingen GER"]
[Date "2000.06.07"]
[Round "6"]
[White "Kapp, Martin"]
[Black "Nguyen, Hoang"]
[Result "1/2-1/2"]
[Termination "normal"]
[Board "8"]
[WhiteElo "1817"]
[BlackElo "1955"]
[PlyCount "71"]
[EventCountry "GER"]
[EventRounds "9"]
[EventType "swiss"]
[EventDate "2000.06.03"]

1. d4 d6 2. c4 e5 3. dxe5 dxe5 4. Qxd8+ Kxd8 5. Nf3 f6 6. e3 Be6 7. Be2 c6 8.
O-O Nd7 9. Bd2 a5 10. Nc3 Kc7 11. Rac1 Nc5 12. Rfd1 Nh6 13. e4 Nf7 14. Be3 Be7
15. Nd2 Rhd8 16. Nd5+ Bxd5 17. cxd5 Nd7 18. Rc2 c5 19. Bb5 b6 20. a3 a4 21. Bc6
Ra5 22. Nc4 Ra7 23. g3 Nb8 24. Bb5 Nd6 25. Nxd6 Bxd6 26. h4 Ra5 27. Be2 Ra7 28.
Rdc1 Nd7 29. Kg2 Nf8 30. Rc4 Kb7 31. Bd1 Rda8 32. Kh3 Ng6 33. Bg4 Ne7 34. Rd1
Rd8 35. Rc2 Kb8 36. Rdc1 1/2-1/2

[Event "DEM U16 2000"]
[Site "Überlingen GER"]
[Date "2000.06.07"]
[Round "6"]
[White "Zolotarew, Pawel"]
[Black "Schlichthaar, Robert"]
[Result "1/2-1/2"]
[Termination "normal"]
[Board "9"]
[WhiteElo "1832"]
[BlackElo "1925"]
[PlyCount "118"]
[BlackFideId "4672763"]
[EventCountry "GER"]
[EventRounds "9"]
[EventType "swiss"]
[EventDate "2000.06.03"]

1. Nf3 Nf6 2. g3 b6 3. Bg2 Bb7 4. O-O e6 5. d3 Be7 6. e4 d6 7. Nbd2 O-O 8. c3
c5 9. Ne1 Qc7 10. f4 Nc6 11. g4 d5 12. g5 Nd7 13. exd5 Nd8 14. dxe6 Nxe6 15.
Bxb7 Qxb7 16. Ne4 f6 17. Qf3 Qc7 18. gxf6 Nxf6 19. Nxf6+ Bxf6 20. Qd5 Qf7 21.
a4 Rad8 22. Qc4 Kh8 23. f5 Nc7 24. Qxf7 Rxf7 25. a5 Rdf8 26. Bf4 Nd5 27. axb6
axb6 28. Ra6 Nxf4 29. Rxf4 Be5 30. Rf3 Bc7 31. Ng2 g6 32. Ne3 gxf5 33. Nd5 Rg8+
34. Kf2 Bd8 35. Rh3 f4 36. Kf3 Re8 37. Rh5 Ref8 38. Nxb6 Bxb6 39. Rxb6 Re7 40.
Rbh6 Re3+ 41. Kf2 Rf7 42. Rh3 Rfe7 43. Rxe3 Rxe3 44. Rd6 Rh3 45. Kg2 Re3 46.
Rf6 Re2+ 47. Kg1 Rxb2 48. Rxf4 Rd2 49. Rf3 Kg7 50. h3 Re2 51. c4 Kg6 52. h4 Rd2
53. Rg3+ Kh5 54. Rg5+ Kxh4 55. Rd5 Kg3 56. Kf1 Kf3 57. Ke1 Ke3 58. Re5+ Kd4 59.
Rd5+ Kc3 1/2-1/2

[Event "DEM U16 2000"]
[Site "Überlingen GER"]
[Date "2000.06.07"]
[Round "6"]
[White "Hintz, Bastian"]
[Black "Scalisi, Carmelo"]
[Result "1/2-1/2"]
[Termination "normal"]
[Board "10"]
[WhiteElo "1737"]
[BlackElo "1842"]
[PlyCount "58"]
[EventCountry "GER"]
[EventRounds "9"]
[EventType "swiss"]
[EventDate "2000.06.03"]

1. e4 c6 2. c4 g6 3. Nc3 Bg7 4. d4 d6 5. Be3 Nf6 6. Be2 Bd7 7. f4 h5 8. Nf3 Ng4
9. Bg1 Bh6 10. h3 Nf6 11. e5 Nh7 12. g3 Nf8 13. Bd3 Na6 14. a3 Nc7 15. Nh4 d5
16. f5 gxf5 17. Bxf5 Bxf5 18. Nxf5 Qd7 19. Qf3 Nfe6 20. Nxh6 Rxh6 21. Be3 Rh7
22. Qf5 Nf8 23. Qxd7+ Kxd7 24. cxd5 Nxd5 25. Nxd5 cxd5 26. Ke2 Ne6 27. Rhf1 Rg7
28. Rf3 Rc8 29. Kd3 Rcg8 1/2-1/2

[Event "DEM U16 2000"]
[Site "Überlingen GER"]
[Date "2000.06.07"]
[Round "6"]
[White "Kozul, Boris"]
[Black "Buchwald, Stefan"]
[Result "1/2-1/2"]
[Termination "normal"]
[Board "11"]
[WhiteElo "1812"]
[BlackElo "1610"]
[PlyCount "105"]
[EventCountry "GER"]
[EventRounds "9"]
[EventType "swiss"]
[EventDate "2000.06.03"]

1. Nc3 c5 2. e4 Nc6 3. Nf3 g6 4. d4 cxd4 5. Nxd4 Bg7 6. Be3 Nf6 7. Bc4 O-O 8.
f3 Qb6 9. O-O Nxe4 10. fxe4 Bxd4 11. Bxd4 Qxd4+ 12. Qxd4 Nxd4 13. Rad1 Nc6 14.
Nd5 a6 15. a4 d6 16. Nb6 Rb8 17. Rf4 Ne5 18. Bd5 Be6 19. Rdf1 Bxd5 20. exd5
Rfd8 21. h4 f6 22. Re1 Nd7 23. Nc4 Kf7 24. Rfe4 Re8 25. b3 b5 26. axb5 axb5 27.
Na5 Ne5 28. c4 bxc4 29. bxc4 Rb6 30. R1e3 f5 31. Rxe5 dxe5 32. Rxe5 Rb4 33. Re6
Kf8 34. h5 Kg7 35. hxg6 hxg6 36. c5 Re4 37. Rxe4 fxe4 38. Nc6 Kf6 39. Kf2 Rc8
40. Ke3 e6 41. Kxe4 exd5+ 42. Kxd5 Kg5 43. Kd6 Ra8 44. Ne7 Ra6+ 45. c6 Rxc6+
46. Kxc6 Kg4 47. Nd5 Kg3 48. Ne3 Kf2 49. Kd5 Kxe3 50. Ke5 Kf2 51. g4 Kf3 52.
Kf6 Kxg4 53. Kxg6 1/2-1/2

[Event "DEM U16 2000"]
[Site "Überlingen GER"]
[Date "2000.06.08"]
[Round "7"]
[White "Feige, Manuel"]
[Black "Zentgraf, Robert"]
[Result "1-0"]
[Termination "normal"]
[Board "1"]
[WhiteElo "2246"]
[BlackElo "1744"]
[PlyCount "59"]
[WhiteFideId "4656350"]
[BlackFideId "4676483"]
[EventCountry "GER"]
[EventRounds "9"]
[EventType "swiss"]
[EventDate "2000.06.03"]

1. d4 Nf6 2. c4 e6 3. Nc3 Bb4 4. e3 b6 5. Nge2 O-O 6. a3 Bxc3+ 7. Nxc3 Bb7 8.
Bd3 d6 9. O-O Nbd7 10. b4 e5 11. d5 Ne8 12. f4 Ba6 13. Bb2 f5 14. fxe5 Nxe5 15.
Bxf5 Nf6 16. b5 Bc8 17. Qd4 Bxf5 18. Rxf5 Qd7 19. Raf1 Rae8 20. Ne4 Nfg4 21.
Rxf8+ Rxf8 22. Rxf8+ Kxf8 23. h3 Nh6 24. Ng5 Qf5 25. Ne6+ Kg8 26. e4 Qg6 27.
Qf2 Nhf7 28. Bxe5 dxe5 29. c5 Qxe4 30. Qxf7+ 1-0

[Event "DEM U16 2000"]
[Site "Überlingen GER"]
[Date "2000.06.08"]
[Round "7"]
[White "Helm, Leonie"]
[Black "Gasthofer, Alexander"]
[Result "1/2-1/2"]
[Termination "normal"]
[Board "2"]
[WhiteElo "2157"]
[BlackElo "2212"]
[PlyCount "67"]
[WhiteFideId "4656741"]
[BlackFideId "4655150"]
[EventCountry "GER"]
[EventRounds "9"]
[EventType "swiss"]
[EventDate "2000.06.03"]

1. e4 c6 2. d4 d5 3. exd5 cxd5 4. c4 Nf6 5. Nc3 e6 6. Nf3 Be7 7. Bd3 dxc4 8.
Bxc4 O-O 9. O-O a6 10. Ne5 Nbd7 11. Bd3 Nb6 12. Ne4 Nxe4 13. Bxe4 Nd5 14. Bb1
f5 15. Qb3 b5 16. a4 b4 17. a5 Bb7 18. Bd2 Bd6 19. Re1 Qh4 20. Nf3 Qf6 21. Ne5
Qh4 22. Nf3 Qf6 23. Ne5 Rfe8 24. Qg3 Bxe5 25. Rxe5 Qg6 26. Ba2 Qxg3 27. hxg3
Rac8 28. Bxd5 Bxd5 29. Bxb4 Rc2 30. Bc3 Rb8 31. Rae1 Kf7 32. R1e2 Rxe2 33. Rxe2
Rb3 34. f3 1/2-1/2

[Event "DEM U16 2000"]
[Site "Überlingen GER"]
[Date "2000.06.08"]
[Round "7"]
[White "Schlawin, Marlon"]
[Black "Rau, Hannes"]
[Result "1/2-1/2"]
[Termination "normal"]
[Board "3"]
[WhiteElo "1870"]
[BlackElo "2227"]
[PlyCount "106"]
[WhiteFideId "4675584"]
[BlackFideId "4657594"]
[EventCountry "GER"]
[EventRounds "9"]
[EventType "swiss"]
[EventDate "2000.06.03"]

1. e4 c5 2. Nf3 d6 3. d4 cxd4 4. Nxd4 Nf6 5. Nc3 Nc6 6. Be3 Ng4 7. Bg5 h6 8.
Bh4 g5 9. Bg3 Bg7 10. Nb3 Be6 11. h4 a5 12. Be2 Nge5 13. Bb5 Nc4 14. Bxc4 Bxc4
15. hxg5 hxg5 16. Rxh8+ Bxh8 17. Qh5 Bxc3+ 18. bxc3 e5 19. O-O-O Qf6 20. Kb1
O-O-O 21. Nd2 Qe6 22. Nxc4 Qxc4 23. Qf3 Na7 24. Qd3 Qc5 25. a4 Kb8 26. Ka2 f6
27. f3 Rd7 28. Rd2 Qc6 29. Ka3 Rc7 30. Kb3 b5 31. Qxd6 Qxc3+ 32. Ka2 Qc4+ 33.
Kb2 Nc8 34. Qd3 Qxa4 35. Qb3 Nb6 36. Qxa4 Nxa4+ 37. Kb3 Rc3+ 38. Ka2 b4 39. Bf2
Kc7 40. Kb1 Rc6 41. Ka2 Rd6 42. Rxd6 Kxd6 43. Kb3 Nc5+ 44. Kc4 Ne6 45. Bb6 Nf4
46. g3 Ne2 47. Bxa5 Nxg3 48. Bxb4+ Kd7 49. Kd3 Nh5 50. Ke3 Nf4 51. Kf2 Ne6 52.
Kg3 Nd4 53. c3 Ne2+ 1/2-1/2

[Event "DEM U16 2000"]
[Site "Überlingen GER"]
[Date "2000.06.08"]
[Round "7"]
[White "Klinger, Sebastian"]
[Black "Köpke, Christian"]
[Result "0-1"]
[Termination "normal"]
[Board "4"]
[WhiteElo "2172"]
[BlackElo "2164"]
[PlyCount "110"]
[WhiteFideId "4667549"]
[BlackFideId "4655737"]
[EventCountry "GER"]
[EventRounds "9"]
[EventType "swiss"]
[EventDate "2000.06.03"]

1. Nf3 f5 2. d4 Nf6 3. g3 g6 4. Bg2 Bg7 5. O-O O-O 6. c4 d6 7. Nc3 Qe8 8. d5
Na6 9. Nd4 Bd7 10. Bg5 Nc5 11. Bxf6 Bxf6 12. b4 Na4 13. Nxa4 Bxa4 14. Qd3 Bd7
15. Rac1 a5 16. Rb1 axb4 17. Rxb4 Bxd4 18. Qxd4 c5 19. dxc6 bxc6 20. Rb2 Ra4
21. Qd3 Be6 22. Rc1 c5 23. e3 Qf7 24. Bf1 Rfa8 25. Qe2 Kg7 26. Rcc2 Qf6 27. Rb7
Kf8 28. Qd2 Qa1 29. Rbb2 Rxc4 30. Kg2 Rxc2 31. Qxc2 Rxa2 32. Rxa2 Qxa2 33. Qc3
Kg8 34. e4 Qa8 35. Be2 Qxe4+ 36. Bf3 Qd4 37. Qa5 Bd5 38. Bxd5+ Qxd5+ 39. Kg1
Qf7 40. h4 h5 41. f3 Qf6 42. Qa8+ Kg7 43. Kf1 c4 44. Qd5 c3 45. Qd3 d5 46. f4
Qc6 47. Qd4+ Kh7 48. Qe3 Qc4+ 49. Kg1 Qc7 50. Qe6 Kg7 51. Qe3 c2 52. Qc1 Qc3
53. Kh2 d4 54. Kh3 Qf3 55. Kh2 Qe2+ 0-1

[Event "DEM U16 2000"]
[Site "Überlingen GER"]
[Date "2000.06.08"]
[Round "7"]
[White "Nguyen, Hoang"]
[Black "Jenull, Marco"]
[Result "1/2-1/2"]
[Termination "normal"]
[Board "5"]
[WhiteElo "1955"]
[BlackElo "2180"]
[PlyCount "83"]
[BlackFideId "4651529"]
[EventCountry "GER"]
[EventRounds "9"]
[EventType "swiss"]
[EventDate "2000.06.03"]

1. d4 d5 2. c4 e6 3. Nf3 c6 4. Qc2 Nf6 5. g3 Bd6 6. Bg2 O-O 7. O-O Ne4 8. Ne5
f6 9. Nd3 f5 10. f3 Nf6 11. Nd2 Bc7 12. e3 Nbd7 13. f4 Ne4 14. Nxe4 fxe4 15.
Ne5 Nxe5 16. fxe5 Rxf1+ 17. Bxf1 Qg5 18. Bd2 Bd7 19. Be2 Rf8 20. Rf1 Rxf1+ 21.
Bxf1 h5 22. Bc1 h4 23. Qf2 hxg3 24. hxg3 c5 25. Bd2 Bb6 26. b4 cxd4 27. exd4
Qg6 28. c5 Bd8 29. Qe3 Qg4 30. Be2 Qf5 31. b5 Be8 32. Qf4 Qxf4 33. gxf4 Kh7 34.
a4 g5 35. fxg5 Kg6 36. a5 Bxg5 37. Bxg5 Kxg5 38. c6 Bxc6 39. bxc6 bxc6 40. Ba6
Kf4 41. Bc8 Ke3 42. Bxe6 1/2-1/2